Taylor Swift - Chansons de l'EP Beautiful Eyes dans l'ordre - Statistiques

Statistiques générales
  • Ce quiz a été pris 19 fois
  • Le résultat moyen est 6 sur 6
Statistiques - réponses
Hint Réponse % Correct
Piste 1 Beautiful Eyes
100%
Piste 2 Should've Said No
100%
Piste 3 Teardrops on My Guitar
100%
Piste 6 I Heart?
92%
Piste 4 Picture to Burn
92%
Piste 5 I'm Only Me When I'm With You
75%
Aucun quiz correspondant
Distribution des résultats
% des personnes avec chaque résultat
Percentile par nombre de réponses
Votre historique - résultats
Vous n’avez pas pris ce quiz